01219cam a22003134a 45000010009000000050017000090080041000260100017000670200031000840200018001150400018001330420008001510430030001590500024001890820020002131000033002332450038002662600051003043000052003555040064004075050116004716500041005876500043006286500035006716500039007066510054007456510055007996510051008541687733820170105102852.0110718s2011 nyuaf b 001 0 eng  a 2011029521 a9780231703109 (alk. paper) a9780231800747 aDLCcDLCdDLC apcc aa-is---aawba---aawgz---00aDS119.76b.C65 201100a956.95/30442231 aCollins, Johnq(John Martin)10aGlobal Palestine /cJohn Collins. aNew York :bColumbia University Press,cc2011. axii, 219 p., [8] p. of plates :bill. ;c23 cm. aIncludes bibliographical references (p. 151-201) and index.0 aApproaching global Palestine -- Colonization -- Securitization -- Acceleration -- Occupation -- Decolonization. 0aArab-Israeli conflicty1993-xPeace. 0aPalestinian ArabsxPolitical activity. 0aJewsxColonizationzWest Bank. 0aIsraelisxColonizationzWest Bank. 0aWest BankxPolitics and governmenty21st century. 0aGaza StripxPolitics and governmenty21st century. 0aIsraelxPolitics and governmenty21st century.